Neklidem k Bohu : náboženské výtvarné umění v Čechách a na Moravě v letech 1870-1914 : Západočeská galerie v Plzni 18.1.-18.3.2007

Korporativní autor: Západočeská galerie (Plzeň, Česko)
Jazyk: Čeština
Vydáno: V Plzni : Západočeská galerie, 2007
Témata:
Fyzický popis: [6] s. : barev. il. ; 28 cm
Knihy
Uloženo v:
LEADER 01776nam a2200433 a 4500
001 nkc20071715067
003 CZ PrNK
005 20070628151051.0
007 ta
008 070423s2007 xr a e c 000 0 cze
015 |a cnb001715067 
020 |a 978-80-86415-47-5  |q (skládanka) 
035 |a (OCoLC)137330865 
040 |a ABA001  |b cze 
043 |a e-xr--- 
045 |a w7x1 
072 7 |a 72/76  |x Výtvarné umění  |2 Konspekt  |9 21 
080 |a 7.046.3  |2 MRF 
080 |a 72/76  |2 MRF 
080 |a (437.3)  |2 MRF 
080 |a (083.824)  |2 MRF 
245 0 0 |a Neklidem k Bohu :  |b náboženské výtvarné umění v Čechách a na Moravě v letech 1870-1914 : Západočeská galerie v Plzni 18.1.-18.3.2007 
246 3 0 |a Náboženské výtvarné umění v Čechách a na Moravě v letech 1870-1914 
260 |a V Plzni :  |b Západočeská galerie,  |c 2007 
300 |a [6] s. :  |b barev. il. ;  |c 28 cm 
500 |a "Fotografie vybrány z publikace Neklidem k Bohu, Náboženské výtvarné umění v Čechách a na Moravě v letech 1870-1914, nakl. Arbor vitae, Praha 2006"--Tiráž 
648 7 |a 19.-20. století  |7 ch757015  |2 czenas 
650 0 7 |a sakrální umění  |7 ph119515  |z Česko  |y 19.-20. stol.  |2 czenas 
650 0 7 |a výtvarné umění  |7 ph116708  |z Česko  |y 19.-20. stol.  |2 czenas 
650 0 9 |a sacred art  |z Czechia  |y 19th-20th centuries  |2 eczenas 
650 0 9 |a art  |z Czechia  |y 19th-20th centuries  |2 eczenas 
655 7 |a katalogy výstav  |7 fd132536  |2 czenas 
655 9 |a exhibition catalogs  |2 eczenas 
710 2 |a Západočeská galerie (Plzeň, Česko)  |7 kn20010709207 
910 2 |a BOA001  |b 3-1186.181 
990 |a BK 
995 |a 01 
991 |b 200705  |c NOV 
996 6 |b 2610310742  |c 3-1186.181  |l MZK  |r Sklad / do 1 hodiny  |n 8  |p p.v.  |w 000846821  |u 000010  |a 1  |e BOA001  |j MZK50  |s P